The Teacher's Book of Lists/ (Record no. 15101)

000 -LEADER
fixed length control field 00539nam a22001817a 4500
008 - FIXED-LENGTH DATA ELEMENTS--GENERAL INFORMATION
fixed length control field 161026b xxu||||| |||| 00| 0 eng d
020 ## - INTERNATIONAL STANDARD BOOK NUMBER
International Standard Book Number 9780673360748
050 ## - LIBRARY OF CONGRESS CALL NUMBER
Classification number LB 1027 .M33 1994
100 ## - MAIN ENTRY--PERSONAL NAME
Personal name Madsen, Sheila
Dates associated with a name 1994
245 ## - TITLE STATEMENT
Title The Teacher's Book of Lists/
Statement of responsibility, etc. Sheila Madsen and Bette Gould.
250 ## - EDITION STATEMENT
Edition statement 2nd ed
260 ## - PUBLICATION, DISTRIBUTION, ETC. (IMPRINT)
Place of publication, distribution, etc. USA:
Name of publisher, distributor, etc. GoodYearBooks,
Date of publication, distribution, etc. 1994.
300 ## - PHYSICAL DESCRIPTION
Extent xxi,378p.:
Other physical details ill.;
521 ## - TARGET AUDIENCE NOTE
Target audience note Includes Index.
650 ## - SUBJECT ADDED ENTRY--TOPICAL TERM
Topical term or geographic name as entry element Teaching.
700 ## - ADDED ENTRY--PERSONAL NAME
Personal name Gould, Bette
942 ## - ADDED ENTRY ELEMENTS (KOHA)
Source of classification or shelving scheme
Koha item type Hard Covered Materials
Classification part LB 1027 .M33 1994
Holdings
Withdrawn status Lost status Source of classification or shelving scheme Damaged status Not for loan Home library Current library Shelving location Date acquired Source of acquisition Total Checkouts Full call number Barcode Date last seen Price effective from Koha item type
          MACHAKOS UNIVERSITY LIBRARY MACHAKOS UNIVERSITY LIBRARY Technical section 26/10/2016 Donation (BFA)   LB 1027 .M33 1994 26526 24/07/2018 26/10/2016 Hard Covered Materials
© Machakos University Library, Along The Highway, Machakos Wote Rd, Machakos, Kenya P.O. Box 136 - 90100 Machakos - Kenya

Tel: ( +254 ) 723 805829 OR Fax : 044-20353 OR Email: library@mksu.ac.ke